000 01952cam a2200433 i 4500
005 20161117145147.0
008 100625s2009 ck ab b 000 0 spa
020 _a9789589243527
040 _aDLC
_cDLC
_dDLC
_dCO-BoIAVH
041 0 _aspa
044 _ack
082 0 4 _a508.86136
_bR37t
245 0 3 _aEl Tolima :
_bdiversidad en el corazón de los Andes Colombianos /
_c[textos, Gladys Reinoso Flórez ... et al.].
260 _aIbagué (Colombia) :
_bUniversidad del Tolima,
_c2009.
300 _a259 páginas :
_bilustraciones y mapas a color ;
_c34 cm.
504 _aIncluye referencias bibliográficas y glosario.
650 0 _aHistoria Natural
_zColombia
_zTolima (Departmento)
650 0 _aBiodiversidad
_zColombia
_zTolima (Departmento)
650 6 _aDiversidad biológica
_zColombia
_zTolima (Departmento)
650 6 _aConservación biológica
_zColombia
_zTolima (Departmento)
700 1 _aReinoso Flórez, Gladys.
_etextos
700 1 _aVejarano D., Mauricio Alejandro
_etextos
700 1 _aVilla Navarro, Francisco Antonio
_etextos
700 1 _aGuevara Cardona, Giovany
_etextos
700 1 _aMolina Martínez, Yair Guillermo
_etextos
700 1 _aGalindo Espinoza, Emma Yicel
_etextos
700 1 _aYara Ortíz, Derly Constanza
_etextos
700 1 _aCarranza Hernández, Ximena
_etextos
700 1 _aPeña Cerpa, Jider Manuel
_etextos
700 1 _aGuitiérrez, Carolina
_etextos
700 1 _aLópez Delgado, Edwin Orlando
_etextos
700 1 _aParra Trujillo, Yessica Tatiana
_etextos
700 1 _aGuitiérrez Díaz, Karina Alexandra
_etextos
700 1 _aYara Ortíz, Claudia Lorena
_etextos
700 1 _aVásquez Ramos, Jesús Manuel
_etextos
700 1 _aGarcía Melo, Luis José
_etextos
700 1 _aGarcía Melo, Jorge Enrique
_etextos
942 _2ddc
_cLIBRO
999 _c7253
_d7253